[Event "Minsk Kupreichik Memorial rapid"]
[Site "Minsk"]
[Date "2019.08.17"]
[Round "9"]
[White "Mochalov, Evgeny Veniaminovic"]
[Black "Talma, Sergei"]
[Result "1-0"]
[WhiteElo "2374"]
[BlackElo "1882"]
[PlyCount "71"]
[EventDate "2019.08.15"]
[EventType "swiss (rapid)"]
[EventRounds "10"]
[EventCountry "BLR"]
[SourceTitle "CBM 191 Extra"]
[Source "ChessBase"]
[SourceDate "2019.09.30"]
[SourceVersion "1"]
[SourceVersionDate "2019.09.30"]
[SourceQuality "1"]

1. d4 Nf6 2. c4 e6 3. g3 d5 4. Nf3 c5 5. cxd5 Nxd5 6. Bg2 Be7 7. 0-0 0-0 8. e4 Nf6 9. e5 Nd5 10. dxc5 Bxc5 11. Qc2 Be7 12. Rd1 Qc7 13. Qxc7 Nxc7 14. Bg5 Bxg5 15. Nxg5 Nc6 16. f4 f6 17. Nf3 Nd5 18. exf6 gxf6 19. Kf2 Bd7 20. Nbd2 Rad8 21. Nc4 Bc8 22. a3 Nb6 23. Nd6 Rd7 24. Nxc8 Rxc8 25. Rxd7 Nxd7 26. Rc1 Rd8 27. Rd1 Nc5 28. Rxd8+ Nxd8 29. Ke3 Nc6 30. Nd4 Nxd4 31. Kxd4 b6 32. Kc4 Kf7 33. Kb5 e5 34. fxe5 fxe5 35. b4 Nb3 36. Bd5+ 1-0

[Event "Minsk Kupreichik Memorial rapid"]
[Site "Minsk"]
[Date "2019.08.17"]
[Round "10"]
[White "Talma, Sergei"]
[Black "Novik, Nikita"]
[Result "0-1"]
[WhiteElo "1882"]
[BlackElo "1355"]
[PlyCount "72"]
[EventDate "2019.08.15"]
[EventType "swiss (rapid)"]
[EventRounds "10"]
[EventCountry "BLR"]
[SourceTitle "CBM 191 Extra"]
[Source "ChessBase"]
[SourceDate "2019.09.30"]
[SourceVersion "1"]
[SourceVersionDate "2019.09.30"]
[SourceQuality "1"]

1. d4 d5 2. Nc3 e6 3. e4 dxe4 4. Nxe4 Nc6 5. Nf3 Be7 6. Bd3 Nf6 7. Nxf6+ Bxf6 8. c3 b6 9. Be4 Bb7 10. Qa4 Qd7 11. Bf4 Na5 12. Qc2 Bxe4 13. Qxe4 Qd5 14. Qxd5 exd5 15. Bxc7 Kd7 16. Be5 Nc4 17. Bxf6 gxf6 18. 0-0-0 Nd6 19. Nd2 a5 20. Kc2 a4 21. a3 Rac8 22. Kd3 f5 23. g3 Rhe8 24. f3 Re6 25. Rde1 Rce8 26. Rxe6 Rxe6 27. Nf1 Nc4 28. g4 f4 29. h4 Nxb2+ 30. Kc2 Nc4 31. Nh2 Nxa3+ 32. Kc1 Nc4 33. g5 a3 34. Ng4 a2 35. Kc2 Re2+ 36. Kb3 Rb2+ 0-1

[Event "Minsk Kupreichik Memorial op"]
[Site "Minsk"]
[Date "2018.06.23"]
[Round "11"]
[White "Talma, Sergei"]
[Black "Mialik, Uladzislau"]
[Result "1-0"]
[WhiteElo "1882"]
[BlackElo "1804"]
[PlyCount "135"]
[EventDate "2018.06.21"]
[EventType "swiss (rapid)"]
[EventRounds "11"]
[EventCountry "BLR"]
[SourceTitle "CBM 185 Extra"]
[Source "ChessBase"]
[SourceDate "2018.07.29"]
[SourceVersion "1"]
[SourceVersionDate "2018.07.29"]
[SourceQuality "1"]

1. d4 g6 2. e4 Bg7 3. Nc3 d6 4. Bg5 Nf6 5. e5 Nfd7 6. exd6 cxd6 7. Qd2 Nc6 8. Nf3 Qa5 9. 0-0-0 Nf6 10. d5 Nb4 11. a3 Na6 12. Re1 Nc7 13. Bc4 Bd7 14. Nd4 Rc8 15. Nb3 Ne4 16. Nxe4 Qxd2+ 17. Nbxd2 Kf8 18. Nc3 f6 19. Bf4 Kf7 20. Bb3 h6 21. h4 b6 22. Nc4 Bf8 23. f3 Na6 24. Be3 Bg7 25. Re2 f5 26. Rhe1 Bf6 27. Bf4 b5 28. Na5 Nc5 29. Nc6 Nxb3+ 30. cxb3 Bxc6 31. dxc6 Rxc6 32. Kb1 g5 33. hxg5 hxg5 34. Bd2 a6 35. Nd5 e5 36. Nb4 Rcc8 37. Nxa6 d5 38. Nb4 d4 39. Nd3 Rhe8 40. Nxe5+ Kg7 41. f4 g4 42. g3 Re7 43. Bb4 Rec7 44. Bd6 Rb7 45. Nd3 Rh8 46. Be5 Rh3 47. Bxf6+ Kxf6 48. Re6+ Kf7 49. Rd6 Rxg3 50. Ne5+ Kg7 51. Rg6+ Kf8 52. Rf6+ Kg7 53. Rg6+ Kh8 54. Rh1+ Rh3 55. Rg1 Rxb3 56. Rg5 Rg7 57. Rxf5 g3 58. Nf7+ Kg8 59. Ng5 Re3 60. Kc2 d3+ 61. Kd2 Rge7 62. Re5 R7xe5 63. fxe5 Rxe5 64. Rxg3 Re2+ 65. Kc3 Rc2+ 66. Kb3 Rc6 67. Rxd3 Kf8 68. Rd5 1-0

[Event "Minsk Kupreichik Memorial op"]
[Site "Minsk"]
[Date "2018.06.22"]
[Round "5"]
[White "Talma, Sergei"]
[Black "Tihonov, Jurij"]
[Result "1-0"]
[WhiteElo "1882"]
[BlackElo "2385"]
[PlyCount "109"]
[EventDate "2018.06.21"]
[EventType "swiss (rapid)"]
[EventRounds "11"]
[EventCountry "BLR"]
[SourceTitle "CBM 185 Extra"]
[Source "ChessBase"]
[SourceDate "2018.07.29"]
[SourceVersion "1"]
[SourceVersionDate "2018.07.29"]
[SourceQuality "1"]

1. d4 d6 2. e4 Nf6 3. Nc3 e5 4. dxe5 dxe5 5. Qxd8+ Kxd8 6. Bg5 Bd6 7. f4 h6 8. fxe5 hxg5 9. exd6 cxd6 10. 0-0-0 Ke7 11. Nf3 g4 12. Nd4 Nc6 13. Ndb5 Be6 14. Nxd6 Rab8 15. Bc4 Ne5 16. Bb3 a6 17. Nf5+ Kf8 18. Nd4 Ke7 19. Nf5+ Bxf5 20. exf5 Rbe8 21. Nd5+ Nxd5 22. Rxd5 Kf6 23. Kd2 Kxf5 24. Rd6 f6 25. Bd5 Rd8 26. Be6+ Kg5 27. Rxd8 Rxd8+ 28. Kc3 Kf4 29. b3 Ke3 30. h3 g3 31. Rf1 b6 32. Bg4 Rd6 33. Bf5 Rd2 34. Re1+ Re2 35. Rxe2+ Kxe2 36. Be4 g6 37. Kd4 Kf2 38. c4 a5 39. a3 f5 40. Ba8 Nf7 41. b4 f4 42. c5 axb4 43. axb4 bxc5+ 44. bxc5 Nd8 45. Ke5 g5 46. Kf6 Ke3 47. c6 f3 48. c7 f2 49. cxd8Q f1Q+ 50. Bf3 Qb5 51. Qe7+ Kf2 52. Qe5 Qa6+ 53. Kxg5 Qc8 54. Be4 Qd8+ 55. Qf6+ 1-0

[Event "Minsk op"]
[Site "Minsk"]
[Date "2014.07.22"]
[Round "7"]
[White "Kupreichik, Viktor D"]
[Black "Talma, Sergei"]
[Result "1-0"]
[WhiteElo "2405"]
[BlackElo "1982"]
[PlyCount "41"]
[EventDate "2014.07.16"]
[EventType "swiss"]
[EventRounds "9"]
[EventCountry "BLR"]
[SourceTitle "CBM 161 Extra"]
[Source "ChessBase"]
[SourceDate "2014.08.29"]
[SourceVersion "1"]
[SourceVersionDate "2014.08.29"]
[SourceQuality "1"]

1. e4 c5 2. Nf3 Nc6 3. Nc3 e5 4. Bc4 d6 5. d3 Be7 6. 0-0 Nf6 7. Ng5 0-0 8. f4 h6 9. Nf3 Bg4 10. f5 Na5 11. Be3 Nxc4 12. dxc4 Kh7 13. Qd2 Bxf3 14. Rxf3 Ng4 15. Rd1 Qa5 16. Qe2 Nxe3 17. Rxe3 a6 18. Nd5 Bg5 19. Rg3 b5 20. Rxg5 hxg5 21. Qh5+ 1-0

[Event "Minsk op"]
[Site "Minsk"]
[Date "2014.07.20"]
[Round "5"]
[White "Lintchevski, Daniil"]
[Black "Talma, Sergei"]
[Result "1-0"]
[WhiteElo "2553"]
[BlackElo "1982"]
[PlyCount "128"]
[EventDate "2014.07.16"]
[EventType "swiss"]
[EventRounds "9"]
[EventCountry "BLR"]
[SourceTitle "CBM 161 Extra"]
[Source "ChessBase"]
[SourceDate "2014.08.29"]
[SourceVersion "1"]
[SourceVersionDate "2014.08.29"]
[SourceQuality "1"]

1. Nf3 d5 2. g3 Nc6 3. d4 Bg4 4. Bg2 e6 5. 0-0 Be7 6. c4 Bf6 7. e3 h6 8. Nbd2 Nge7 9. h3 Bf5 10. Re1 0-0 11. a3 a5 12. b3 g5 13. Bb2 g4 14. hxg4 Bxg4 15. Qc1 Bg7 16. Bc3 Ng6 17. Qb2 Nce7 18. e4 c6 19. Nh2 f5 20. e5 Bh5 21. c5 b6 22. cxb6 Qxb6 23. b4 a4 24. Qc2 Nh8 25. f4 Nc8 26. Bb2 Rf7 27. Rac1 Ne7 28. Re3 Bf8 29. Nhf3 Rg7 30. Ne1 Be8 31. Nd3 Neg6 32. Kf2 Qd8 33. Rh1 Rh7 34. Nf3 Nf7 35. Nc5 Bxc5 36. Qxc5 h5 37. Ke1 h4 38. Nxh4 Nxh4 39. gxh4 Rg7 40. Bf3 Nh6 41. Be2 Bd7 42. Qc3 Kh7 43. Rg3 Qe7 44. Rg5 Rag8 45. Bd1 Nf7 46. Bc1 Rg6 47. Kf2 Rh6 48. Rxg8 Kxg8 49. Qg3+ Kh7 50. h5 Qf8 51. Bxa4 Kh8 52. Qh4 Be8 53. Bd1 Bd7 54. Rg1 Qd8 55. Qxd8+ Nxd8 56. a4 Bc8 57. Be2 Rh7 58. Bd2 Ra7 59. a5 Kh7 60. Ke3 Nf7 61. Be1 Nh6 62. Kd2 Ra8 63. Bh4 Ra7 64. Bf6 Rf7 1-0